[Event "Nittenau-ch 13th"]
[Site "Nittenau"]
[Date "2013.09.14"]
[Round "3"]
[White "Laubert, Johannes"]
[Black "Nussbaumer, Johann"]
[Result "1-0"]
[WhiteElo "2137"]
[BlackElo "2014"]
[PlyCount "79"]
[EventDate "2013.09.13"]
[EventType "swiss"]
[EventRounds "5"]
[EventCountry "GER"]
[SourceTitle "EXT 2022"]
[Source "ChessBase"]
[SourceDate "2021.10.06"]
[SourceVersion "1"]
[SourceVersionDate "2021.10.06"]
[SourceQuality "1"]

1. e4 c5 2. Nf3 Nc6 3. Bb5 g6 4. 0-0 Bg7 5. Re1 a6 6. Bxc6 dxc6 7. d3 Nf6 8. Nc3 Qc7 9. Be3 b6 10. h3 0-0 11. Qd2 e5 12. a4 a5 13. Nh2 Nh5 14. Ne2 f5 15. exf5 gxf5 16. g4 fxg4 17. hxg4 Nf4 18. f3 Bd7 19. Ng3 Qd8 20. Ne4 Bh6 21. Kh1 Kh8 22. Rg1 Be6 23. g5 Bg7 24. b3 Bd5 25. Qe1 Qe7 26. Rd1 Rad8 27. Rd2 Rf5 28. Qh4 Ng6 29. Qh3 Rf7 30. Ng4 Nf4 31. Bxf4 Rxf4 32. Rh2 Bxe4 33. fxe4 Bf8 34. Nf6 h6 35. Nh5 Rd6 36. Nxf4 exf4 37. Qf5 Bg7 38. gxh6 Rxh6 39. Qc8+ Kh7 40. Rxh6+ 1-0

[Event "Nittenau-ch 12th"]
[Site "Nittenau"]
[Date "2012.09.16"]
[Round "4"]
[White "Najjar, Johannes"]
[Black "Nussbaumer, Johann"]
[Result "1/2-1/2"]
[WhiteElo "1883"]
[BlackElo "2058"]
[PlyCount "24"]
[EventDate "2012.09.14"]
[EventType "swiss"]
[EventRounds "5"]
[EventCountry "GER"]
[SourceTitle "EXT 2022"]
[Source "ChessBase"]
[SourceDate "2021.10.06"]
[SourceVersion "1"]
[SourceVersionDate "2021.10.06"]
[SourceQuality "1"]

1. c4 c6 2. Nc3 d5 3. d4 e6 4. e4 dxe4 5. Nxe4 Bb4+ 6. Bd2 Qxd4 7. Bxb4 Qxe4+ 8. Be2 Qxg2 9. Qd4 Qg5 10. Nf3 Qf6 11. Qd2 Qd8 12. Qf4 Qf6 1/2-1/2

[Event "Forchheim op 10th"]
[Site "Forchheim"]
[Date "2011.10.09"]
[Round "4"]
[White "Nussbaumer, Johann"]
[Black "Stoll, Stefan"]
[Result "1/2-1/2"]
[WhiteElo "2050"]
[BlackElo "1998"]
[PlyCount "123"]
[EventDate "2011.10.07"]
[EventType "swiss"]
[EventRounds "5"]
[EventCountry "GER"]
[SourceTitle "CBM 144 Extra"]
[Source "ChessBase"]
[SourceDate "2011.10.28"]
[SourceVersion "1"]
[SourceVersionDate "2011.10.28"]
[SourceQuality "1"]

1. d4 g6 2. c4 Bg7 3. Nc3 Nf6 4. e4 d6 5. h3 0-0 6. Nf3 e5 7. d5 Ne8 8. g4 f5 9. gxf5 gxf5 10. exf5 Bxf5 11. Rg1 Kh8 12. Be3 a5 13. Ng5 Qd7 14. Bd3 Na6 15. Bxf5 Qxf5 16. Ne6 Rg8 17. Qe2 Bf6 18. Rxg8+ Kxg8 19. 0-0-0 Ng7 20. Rg1 Kh8 21. Nxg7 Bxg7 22. Qg4 Qxg4 23. Rxg4 Rg8 24. Kd2 Bf8 25. Kd3 Rg6 26. a3 Kg7 27. Ke4 Rxg4+ 28. hxg4 Kg6 29. f3 Be7 30. Nb5 b6 31. Na7 Bh4 32. Nb5 Bd8 33. Na7 Bh4 34. Nc6 Bf6 35. b4 axb4 36. axb4 Bh4 37. Bd2 Bf6 38. Kd3 h5 39. gxh5+ Kxh5 40. Ke4 Kg6 41. Be1 Bg5 42. Bc3 Bh4 43. f4 exf4 44. Kxf4 Kf7 45. Kf5 Ke8 46. Ke6 Bg5 47. Kf5 Bh4 48. Ke4 Kd7 49. Kf5 Bf2 50. Kf6 Bh4+ 51. Kf7 Bf2 52. Bd2 Bh4 53. Kg6 Bf2 54. Kf5 Bh4 55. Ke4 Bg3 56. Kd3 Kc8 57. Ke4 Nb8 58. Nxb8 Kxb8 59. Kf5 Kc8 60. Ke6 Bf2 61. Bf4 Be1 62. b5 1/2-1/2

[Event "Balatonlelle op 26th"]
[Site "Balatonlelle"]
[Date "2008.06.16"]
[Round "3.33"]
[White "Toth, Gergely1"]
[Black "Nussbaumer, Johann"]
[Result "1/2-1/2"]
[WhiteElo "1954"]
[BlackElo "2099"]
[PlyCount "51"]
[EventDate "2008.06.14"]
[EventType "swiss"]
[EventRounds "9"]
[EventCountry "HUN"]
[SourceTitle "CBM 125 Extra"]
[Source "ChessBase"]
[SourceDate "2008.09.01"]
[SourceVersion "1"]
[SourceVersionDate "2008.09.01"]
[SourceQuality "1"]

1. e4 c5 2. Nf3 Nc6 3. c3 d5 4. exd5 Qxd5 5. d4 Bg4 6. Be2 e6 7. Be3 cxd4 8. cxd4 Bb4+ 9. Nc3 Nf6 10. 0-0 Bxc3 11. bxc3 0-0 12. Qd3 Rfd8 13. Rfd1 h6 14. c4 Qa5 15. Qb3 Qc7 16. Rab1 Rab8 17. d5 Na5 18. Qb5 b6 19. dxe6 Bxe6 20. Rxd8+ Rxd8 21. c5 bxc5 22. Bxc5 Rc8 23. Be3 Nd5 24. Bd2 Nc3 25. Bxc3 Qxc3 26. a4 1/2-1/2

[Event "Balatonlelle op 26th"]
[Site "Balatonlelle"]
[Date "2008.06.15"]
[Round "2.26"]
[White "Mlynek, Petr"]
[Black "Nussbaumer, Johann"]
[Result "1-0"]
[WhiteElo "2208"]
[BlackElo "2099"]
[PlyCount "120"]
[EventDate "2008.06.14"]
[EventType "swiss"]
[EventRounds "9"]
[EventCountry "HUN"]
[SourceTitle "CBM 125 Extra"]
[Source "ChessBase"]
[SourceDate "2008.09.01"]
[SourceVersion "1"]
[SourceVersionDate "2008.09.01"]
[SourceQuality "1"]

1. d4 d5 2. c4 c6 3. Nc3 e6 4. e3 f5 5. Nf3 Nf6 6. Bd3 Bd6 7. 0-0 0-0 8. Bd2 Nbd7 9. cxd5 cxd5 10. Nb5 Nb8 11. Nxd6 Qxd6 12. b4 Ne4 13. a4 Bd7 14. b5 Nxd2 15. Qxd2 a6 16. Ne5 axb5 17. axb5 Rxa1 18. Rxa1 Rc8 19. Rc1 Rc7 20. g3 Be8 21. Rxc7 Qxc7 22. Qb4 b6 23. Qa3 h6 24. Kg2 g5 25. g4 fxg4 26. Nxg4 Kg7 27. Ne5 Kg8 28. Ng4 Kg7 29. Nxh6 Bh5 30. h3 Kxh6 31. Qf8+ Qg7 32. Qxb8 Qf6 33. f4 Bd1 34. Qc7 gxf4 35. Qxf4+ Qxf4 36. exf4 Bb3 37. f5 exf5 38. Bxf5 Kg5 39. Bd3 Kf4 40. Kf2 Bd1 41. Be2 Bb3 42. Bf3 Bc4 43. Bg2 Bxb5 44. Bxd5 Bd7 45. h4 Kg4 46. Ke3 Kxh4 47. Kf4 b5 48. Ke5 b4 49. Bb3 Kg3 50. Kd6 Bg4 51. Kc5 Kf4 52. Kxb4 Bf3 53. Kc5 Kf5 54. Ba4 Kf6 55. Bc6 Bg4 56. Kd6 Kf5 57. Kc7 Kf6 58. d5 Be6 59. d6 Bf5 60. Bd7 Bc2 1-0

[Event "AUT-chT2O 9798"]
[Site "Austria"]
[Date "1997.11.07"]
[Round "1"]
[White "Nussbaumer, Johann"]
[Black "Karner, Christoph"]
[Result "1/2-1/2"]
[WhiteElo "2145"]
[BlackElo "2155"]
[PlyCount "40"]
[EventDate "1997.??.??"]
[EventType "team-tourn"]
[EventRounds "13"]
[EventCountry "AUT"]
[SourceTitle "EXT 1999"]
[Source "ChessBase"]
[SourceDate "1998.11.16"]
[SourceVersion "1"]
[SourceVersionDate "1998.11.16"]
[SourceQuality "1"]

1. d4 Nf6 2. c4 g6 3. Nc3 Bg7 4. e4 d6 5. f4 0-0 6. Nf3 c5 7. d5 e6 8. dxe6 fxe6 9. Bd3 Nc6 10. 0-0 a6 11. Ng5 Qe7 12. Qe1 e5 13. f5 gxf5 14. exf5 Nd4 15. Qh4 h6 16. Nh3 Nd5 17. Qh5 Nf6 18. Qh4 Nd5 19. Qg4 Nf6 20. Qh4 Nd5 1/2-1/2

[Event "AUT-chT2O 9798"]
[Site "Austria"]
[Date "1997.02.15"]
[Round "10"]
[White "Nussbaumer, Johann"]
[Black "Wallner, Alfred"]
[Result "0-1"]
[WhiteElo "2145"]
[BlackElo "2215"]
[PlyCount "92"]
[EventDate "1997.??.??"]
[EventType "team-tourn"]
[EventRounds "13"]
[EventCountry "AUT"]
[SourceTitle "EXT 1999"]
[Source "ChessBase"]
[SourceDate "1998.11.16"]
[SourceVersion "1"]
[SourceVersionDate "1998.11.16"]
[SourceQuality "1"]

1. d4 Nf6 2. c4 g6 3. Nc3 Bg7 4. e4 d6 5. h3 0-0 6. Nf3 e5 7. d5 Na6 8. Bg5 h6 9. Be3 Nc5 10. Nd2 a5 11. a3 Qe7 12. Be2 Bd7 13. b4 axb4 14. axb4 Rxa1 15. Qxa1 Na6 16. Qa3 Bc8 17. Nb3 Nd7 18. Na4 f5 19. b5 Nab8 20. Nc3 Nf6 21. Qa7 Nbd7 22. Bf3 Kh7 23. g4 fxe4 24. Bxe4 Nxe4 25. Nxe4 Nf6 26. Ng3 Qf7 27. Nd2 b6 28. Qa3 Bb7 29. Qa7 Bc8 30. Qa3 Bb7 31. Qa7 Ne8 32. Qa3 Bf6 33. Nde4 Bh4 34. 0-0 Bxg3 35. Nxg3 Qf3 36. Qd3 Ng7 37. Ra1 h5 38. gxh5 Nxh5 39. Qe4 Nxg3 40. Qxf3 Rxf3 41. Kg2 e4 42. Ra7 Nf5 43. Bg5 Ng7 44. h4 Ne8 45. Bd8 Rf7 46. Kg3 Rf5 0-1

[Event "AUT-chT2O 9697"]
[Site "Austria"]
[Date "1996.??.??"]
[Round "1"]
[White "Obermayr, Hermann"]
[Black "Nussbaumer, Johann"]
[Result "1/2-1/2"]
[WhiteElo "2105"]
[BlackElo "2175"]
[PlyCount "43"]
[EventDate "1996.??.??"]
[EventType "team-tourn"]
[EventRounds "11"]
[EventCountry "AUT"]
[SourceTitle "EXT 1998"]
[Source "ChessBase"]
[SourceDate "1997.11.17"]
[SourceVersion "1"]
[SourceVersionDate "1997.11.17"]
[SourceQuality "1"]

1. d4 d5 2. Nf3 c6 3. c4 e6 4. Qc2 Bb4+ 5. Bd2 Bd6 6. e3 f5 7. Nc3 Nf6 8. Bd3 Ne4 9. Ne5 0-0 10. cxd5 exd5 11. 0-0 Nd7 12. f4 Ndf6 13. Be1 Qe8 14. Qe2 Be6 15. a3 Bf7 16. Na4 Bh5 17. Qc2 Ng4 18. Nxg4 Bxg4 19. Bxe4 Qxe4 20. Qxe4 fxe4 21. Rf2 b6 22. Rc1 1/2-1/2

[Event "AUT-chT2O 9697"]
[Site "Austria"]
[Date "1996.??.??"]
[Round "5"]
[White "Schirmbeck, Hannes"]
[Black "Nussbaumer, Johann"]
[Result "1-0"]
[WhiteElo "2175"]
[BlackElo "2175"]
[PlyCount "43"]
[EventDate "1996.??.??"]
[EventType "team-tourn"]
[EventRounds "11"]
[EventCountry "AUT"]
[SourceTitle "EXT 1998"]
[Source "ChessBase"]
[SourceDate "1997.11.17"]
[SourceVersion "1"]
[SourceVersionDate "1997.11.17"]
[SourceQuality "1"]

1. e4 d6 2. d4 Nf6 3. Nc3 g6 4. f4 Bg7 5. Nf3 c5 6. dxc5 Qa5 7. Bd3 Qxc5 8. Qe2 Nc6 9. Be3 Qa5 10. 0-0 0-0 11. h3 Nh5 12. Qd2 e5 13. f5 Ng3 14. Rf2 gxf5 15. exf5 Nxf5 16. Ng5 Nxe3 17. Qxe3 Qc5 18. Bxh7+ Kh8 19. Qg3 Bh6 20. Nce4 Qd4 21. Nxf7+ Kxh7 22. Nf6# 1-0

[Event "Oberwart op"]
[Site "Oberwart"]
[Date "1995.??.??"]
[Round "2"]
[White "Nussbaumer, Johann"]
[Black "Barczay, Laszlo"]
[Result "0-1"]
[WhiteElo "2175"]
[BlackElo "2400"]
[PlyCount "90"]
[EventDate "1995.07.??"]
[EventType "swiss"]
[EventRounds "9"]
[EventCountry "AUT"]
[SourceTitle "EXT 2001"]
[Source "ChessBase"]
[SourceDate "2000.11.22"]
[SourceVersion "1"]
[SourceVersionDate "2000.11.22"]
[SourceQuality "1"]

1. e4 g6 2. d4 Bg7 3. c4 c6 4. Nf3 d5 5. Nc3 dxe4 6. Nxe4 Bg4 7. Be3 Bxf3 8. Qxf3 Bxd4 9. Rd1 Qa5+ 10. Bd2 Qc7 11. Bf4 Be5 12. Bc1 Nd7 13. Bd3 Ngf6 14. Ng5 Bxb2 15. Bxb2 Qa5+ 16. Ke2 Qxg5 17. Rhe1 0-0 18. Kf1 Rfe8 19. h3 Qc5 20. Qf4 e5 21. Qh6 Re6 22. Re3 Rd6 23. Rde1 Rxd3 24. Rxd3 Qxc4 25. Red1 e4 26. Qf4 Qb5 27. Bxf6 Nxf6 28. Qxf6 exd3 29. Qd6 c5 30. Rxd3 c4 31. Rd5 Qb1+ 32. Rd1 Qxa2 33. Qf6 Re8 34. Kg1 c3 35. Qxc3 Qe2 36. Rd2 Qe1+ 37. Kh2 Qe5+ 38. Qxe5 Rxe5 39. Rd7 Rb5 40. f4 Kg7 41. g4 a5 42. Kg3 a4 43. g5 a3 44. h4 a2 45. h5 gxh5 0-1

[Event "Donau op 03rd"]
[Site "Aschach"]
[Date "1994.??.??"]
[Round "?"]
[White "Nussbaumer, Johann"]
[Black "Tratar, Marko"]
[Result "0-1"]
[WhiteElo "2150"]
[BlackElo "2365"]
[PlyCount "73"]
[EventDate "1994.12.??"]
[EventType "swiss"]
[EventRounds "7"]
[EventCountry "AUT"]
[SourceTitle "EXT 1997"]
[Source "ChessBase"]
[SourceDate "1996.11.15"]
[SourceVersion "1"]
[SourceVersionDate "1996.11.15"]
[SourceQuality "1"]

1. e4 c5 2. Nf3 d6 3. d4 cxd4 4. Nxd4 Nf6 5. Nc3 e6 6. Bg5 Nc6 7. Qd2 a6 8. 0-0-0 Bd7 9. f4 b5 10. Nxc6 Bxc6 11. e5 dxe5 12. Qxd8+ Rxd8 13. Rxd8+ Kxd8 14. fxe5 h6 15. Be3 Nd7 16. Bd4 g6 17. Bd3 Bg7 18. Rd1 Kc7 19. a4 b4 20. Ne4 Bxe5 21. Bxe5+ Nxe5 22. Nc5 a5 23. Be4 Rd8 24. Re1 Kb6 25. Bxc6 Nxc6 26. Ne4 Rd5 27. Rf1 f5 28. Nf6 Rd8 29. Re1 e5 30. g3 e4 31. c3 bxc3 32. bxc3 Ne5 33. Kc2 Kc6 34. Rb1 Nc4 35. Re1 Rd2+ 36. Kb3 Kc5 37. g4 0-1

[Event "Secondario 15th"]
[Site "Caorle"]
[Date "1990.07.11"]
[Round "5.29"]
[White "Sterle, Giulio"]
[Black "Nussbaumer, Johann"]
[Result "1/2-1/2"]
[WhiteElo "1800"]
[BlackElo "2000"]
[PlyCount "104"]
[EventDate "1990.07.07"]
[EventType "swiss"]
[EventRounds "8"]
[EventCountry "ITA"]
[SourceTitle "EXT 2023"]
[Source "ChessBase"]
[SourceDate "2022.10.05"]
[SourceVersion "1"]
[SourceVersionDate "2022.10.05"]
[SourceQuality "1"]

1. c4 c6 2. Nc3 d5 3. d4 e6 4. Nf3 dxc4 5. a4 Bb4 6. e4 b5 7. Bd2 Bb7 8. Be2 Nf6 9. Qc2 Nbd7 10. 0-0 Bxc3 11. bxc3 a6 12. e5 Nd5 13. Ng5 N5b6 14. a5 Nc8 15. f4 g6 16. Rf3 Ne7 17. Rh3 Qc7 18. Bf3 c5 19. Bxb7 Qxb7 20. Ne4 Kf8 21. dxc5 Qc7 22. Be3 Nd5 23. Qf2 Nxe3 24. Qxe3 Rc8 25. Rd1 Nxc5 26. Nxc5 Qxc5 27. Rd6 Qxe3+ 28. Rxe3 Kg7 29. Re4 Ra8 30. Red4 Ra7 31. Kf2 Rb8 32. Ke3 h5 33. Rc6 Rh8 34. Rdd6 Rha8 35. h3 Kf8 36. g4 hxg4 37. hxg4 Ke7 38. Ke4 Ke8 39. f5 gxf5+ 40. gxf5 exf5+ 41. Kxf5 Ke7 42. Rh6 Rg8 43. Rh7 Kd8 44. Kf4 Rg1 45. e6 Rf1+ 46. Ke3 Re7 47. Rh8+ Re8 48. Rxe8+ Kxe8 49. exf7+ Kxf7 50. Kd4 Rf6 51. Rb6 Ke7 52. Rb7+ Kd6 1/2-1/2

[Event "Secondario 15th"]
[Site "Caorle"]
[Date "1990.07.10"]
[Round "4.24"]
[White "Nussbaumer, Johann"]
[Black "Cesaro, Giuliano"]
[Result "1/2-1/2"]
[WhiteElo "2000"]
[BlackElo "1815"]
[PlyCount "62"]
[EventDate "1990.07.07"]
[EventType "swiss"]
[EventRounds "8"]
[EventCountry "ITA"]
[SourceTitle "EXT 2023"]
[Source "ChessBase"]
[SourceDate "2022.10.05"]
[SourceVersion "1"]
[SourceVersionDate "2022.10.05"]
[SourceQuality "1"]

1. d4 Nf6 2. c4 g6 3. Nc3 d5 4. cxd5 Nxd5 5. e4 Nxc3 6. bxc3 Bg7 7. Bc4 c5 8. Ne2 Nc6 9. Be3 0-0 10. 0-0 cxd4 11. cxd4 Bg4 12. f3 Na5 13. Bd5 Bd7 14. Rb1 Bc8 15. a4 e6 16. Ba2 b6 17. Qd3 Bb7 18. Bd2 Nc6 19. Bc3 Rc8 20. Rfd1 Qe7 21. Qb5 Rc7 22. d5 exd5 23. Bxg7 Kxg7 24. exd5 Qe3+ 25. Kh1 Na5 26. Qb2+ Kg8 27. Ng3 Qc3 28. d6 Qxb2 29. Rxb2 Rd7 30. Ne4 Kg7 31. Kg1 Rfd8 1/2-1/2